[Event "St. Pauli Open - B"]
[Site "Hamburg"]
[Date "2011.07.10"]
[Round "2.6"]
[White "Svane, Frederik"]
[Black "Fria, Leandro"]
[Result "0-1"]
[WhiteElo "1699"]
[BlackElo "1830"]
[PlyCount "150"]
[EventDate "2011.??.??"]
[WhiteTeam "Lübecker SV von 1873"]
[BlackTeam "Stader SV"]

1. e4 e6 2. d4 d5 3. Nd2 dxe4 4. Nxe4 Nd7 5. Nf3 Ngf6 6. Bd3 Nxe4 7. Bxe4 Nf6
8. Bg5 h6 9. Bxf6 Qxf6 10. O-O Bd6 11. c4 c6 12. c5 Bc7 13. a4 g5 14. h3 h5 15.
Re1 g4 16. hxg4 hxg4 17. Ne5 Qh4 18. g3 Qh2+ 19. Kf1 Bxe5 20. dxe5 Qh5 21. a5
Bd7 22. Qd6 Rd8 23. Rad1 Qg5 24. a6 Qe7 25. axb7 Qxd6 26. Rxd6 Rb8 27. Red1
Rxb7 28. Bxc6 Bxc6 29. Rd8+ Ke7 30. Rxh8 Rxb2 31. Rc8 Bb5+ 32. Kg1 Rc2 33. Rb1
a6 34. Rd1 Be2 35. Re1 Bf3 36. Rc7+ Kf8 37. Ra7 Rxc5 38. Rxa6 Kg7 39. Ra4 Rc8
40. Rf4 Rh8 41. Rxf3 gxf3 42. Re3 Rh5 43. Rxf3 Rxe5 44. Re3 Rxe3 45. fxe3 Kf6
46. Kf2 Ke5 47. Kf3 Kf5 48. e4+ Kg5 49. g4 e5 50. Kg3 f6 51. Kf3 Kh4 52. Ke3
Kxg4 53. Ke2 Kf4 54. Kd3 Kf3 55. Kd2 Kxe4 56. Ke2 f5 57. Kf2 Kf4 58. Ke2 Kg3
59. Kf1 Kf3 60. Ke1 Kg2 61. Ke2 f4 62. Ke1 e4 63. Ke2 e3 64. Ke1 f3 65. Kd1 Kf2
66. Kc2 Ke2 67. Kc3 f2 68. Kd4 f1=Q 69. Ke4 Kd2 70. Ke5 e2 71. Ke4 e1=Q+ 72.
Kd4 Qd3+ 73. Kc5 Qc1+ 74. Kb4 Qb2+ 75. Ka5 Qda3# 0-1

[Event "St. Pauli Open - B"]
[Site "Hamburg"]
[Date "2011.07.10"]
[Round "2.7"]
[White "Cassens, Erhard Otto"]
[Black "Andris, Valentin"]
[Result "1-0"]
[WhiteElo "1830"]
[BlackElo "1697"]
[PlyCount "97"]
[EventDate "2011.??.??"]
[WhiteTeam "SAbt SV Lurup Hamb. 1923"]
[BlackTeam "Schachclub Barsbüttel e. V."]

1. f4 b6 2. d3 Bb7 3. e4 e6 4. Nf3 Nh6 5. Be2 f5 6. e5 Be7 7. b3 Na6 8. d4 Qc8
9. Bd3 c5 10. Ba3 Nb4 11. Bxb4 cxb4 12. Qe2 a6 13. Nbd2 Nf7 14. Nc4 Qc7 15. Rc1
O-O 16. O-O b5 17. Ne3 Qb6 18. Rfd1 Rac8 19. Kf1 Rc3 20. Rd2 Rcc8 21. Nd1 Kh8
22. Qf2 Rg8 23. c4 bxc3 24. Nxc3 Ba3 25. Rdc2 Bxc1 26. Rxc1 b4 27. Ne2 Rxc1+
28. Nxc1 Rc8 29. Ne2 a5 30. Qh4 Bxf3 31. gxf3 Qd8 32. Qh3 g6 33. Bc4 a4 34. d5
axb3 35. Bxb3 Qe7 36. d6 Qd8 37. Qg3 Kg8 38. h4 h5 39. Qe1 Qb6 40. Ba4 Qb7 41.
Kg2 Ra8 42. Qd1 Nd8 43. Nd4 Rc8 44. Bb5 Qa7 45. Qd2 Rb8 46. Bc4 Qc5 47. Bb3 Qc3
48. Qf2 Nb7 49. Nb5 1-0

[Event "St. Pauli Open - B"]
[Site "Hamburg"]
[Date "2011.07.10"]
[Round "2.8"]
[White "Kähler, Arne"]
[Black "Retzlaff, Wolfgang"]
[Result "1-0"]
[WhiteElo "1804"]
[BlackElo "1677"]
[PlyCount "49"]
[EventDate "2011.??.??"]
[WhiteTeam "Elmshorner SC von 1896"]
[BlackTeam "Pinneberger SC 1932 eV"]

1. e4 c5 2. c4 Nc6 3. d3 g6 4. Be3 Bg7 5. Nc3 d6 6. Be2 Nd4 7. Qd2 e5 8. Nf3
Ne7 9. O-O-O Bd7 10. Bh6 Nxf3 11. Bxf3 O-O 12. h4 f6 13. g4 Bxh6 14. Qxh6 Rf7
15. Qe3 a6 16. g5 fxg5 17. Rdg1 h6 18. hxg5 h5 19. Bxh5 Rh7 20. Be2 Rxh1 21.
Rxh1 Qf8 22. Rh4 b5 23. Qg3 b4 24. Nd1 a5 25. Bg4 1-0

[Event "St. Pauli Open - B"]
[Site "Hamburg"]
[Date "2011.07.10"]
[Round "2.9"]
[White "Zimmermann, Jasmin"]
[Black "Meyer, Christoph"]
[Result "1/2-1/2"]
[WhiteElo "1677"]
[BlackElo "1795"]
[PlyCount "50"]
[EventDate "2011.??.??"]
[WhiteTeam "TuRa Harksheide"]
[BlackTeam "Stader SV"]

1. e4 c5 2. c3 d5 3. exd5 Qxd5 4. d4 Nc6 5. Nf3 Bg4 6. Be2 e6 7. O-O Nf6 8. Be3
O-O-O 9. dxc5 Bxc5 10. Qxd5 Rxd5 11. Bxc5 Rxc5 12. b4 Rd5 13. c4 Rd6 14. c5 Rd7
15. b5 Nd4 16. Nxd4 Rxd4 17. f3 Bf5 18. c6 Nd5 19. Rc1 Bd3 20. Rd1 Nf4 21. Bxd3
Rxd3 22. Rxd3 Nxd3 23. cxb7+ Kxb7 24. Nc3 Rc8 25. Ne4 Kb6 1/2-1/2

[Event "St. Pauli Open - B"]
[Site "Hamburg"]
[Date "2011.07.10"]
[Round "2.10"]
[White "Bormann, Jens"]
[Black "Schwerdtfeger, Wolfgang"]
[Result "1/2-1/2"]
[WhiteElo "1648"]
[BlackElo "1793"]
[PlyCount "132"]
[EventDate "2011.??.??"]
[WhiteTeam "Baubehörde"]
[BlackTeam "Lübecker SV von 1873"]

1. Nf3 Nf6 2. g3 g6 3. Bg2 Bg7 4. O-O O-O 5. d3 d5 6. Nbd2 Bf5 7. Nh4 Be6 8. f4
c6 9. h3 Na6 10. c3 Nc7 11. Ndf3 Bc8 12. Qe1 Nce8 13. e4 dxe4 14. dxe4 Be6 15.
e5 Nd7 16. b3 Bd5 17. c4 Bxf3 18. Nxf3 Nc7 19. Ba3 Rb8 20. Rd1 Qe8 21. Qe3 b6
22. Nd4 c5 23. Nc6 Ra8 24. b4 Ne6 25. b5 a6 26. Rf2 axb5 27. cxb5 Ra4 28. Rfd2
Nb8 29. Qb3 Rxa3 30. Qxa3 Nxc6 31. Bxc6 Qb8 32. Rd7 Nd4 33. Rxe7 Qc8 34. g4
Ne2+ 35. Kh2 Nxf4 36. Qf3 Ne6 37. Qe4 Qb8 38. Rb7 Qa8 39. Rd2 Qa3 40. Rxb6 Ng5
41. Qd3 Bxe5+ 42. Kg2 Qb4 43. Rf2 Bd4 44. Qd2 Bxf2 45. Qxb4 cxb4 46. Kxf2 Nxh3+
47. Kg3 Ng5 48. Ra6 Ne6 49. Ra8 Rxa8 50. Bxa8 Nc7 51. b6 Na6 52. Bb7 Nb8 53. g5
Kg7 54. Kf4 f6 55. gxf6+ Kxf6 56. Ke4 b3 57. axb3 Ke6 58. Bc8+ Kd6 59. b4 Nc6
60. b5 Ne7 61. Bh3 Ng8 62. Bg2 Nf6+ 63. Kd4 Nd7 64. b7 Kc7 65. Bc6 Nf6 66. Ke5
Nh5 1/2-1/2

[Event "St. Pauli Open - B"]
[Site "Hamburg"]
[Date "2011.07.10"]
[Round "2.11"]
[White "Hotze, Kurt"]
[Black "Meyer, Stefan"]
[Result "1/2-1/2"]
[WhiteElo "1643"]
[BlackElo "1784"]
[PlyCount "120"]
[EventDate "2011.??.??"]
[WhiteTeam "Niendorfer TSV 1919 SAbt"]
[BlackTeam "FC ST.Pauli 1910 eV SAbt"]

1. e4 g6 2. d4 Bg7 3. Nf3 d6 4. Nc3 a6 5. a4 b6 6. Bd3 Nd7 7. Be3 Bb7 8. Qd2 h6
9. O-O e6 10. Rfe1 Ne7 11. Rad1 Kf8 12. h3 Kg8 13. b4 Kh7 14. Nh2 Nc6 15. Ne2
f5 16. c4 Ne7 17. Nf4 Nf8 18. exf5 Nxf5 19. Bxf5 exf5 20. d5 Qf6 21. Bd4 Qxd4
22. Qxd4 Bxd4 23. Rxd4 Kg8 24. Rd3 g5 25. Ne6 Nxe6 26. Rxe6 Kf7 27. Rde3 Rhe8
28. Rxe8 Rxe8 29. Rxe8 Kxe8 30. Nf3 b5 31. axb5 axb5 32. cxb5 Bxd5 33. Nd4 f4
34. f3 Kf7 35. Kf2 Kf6 36. Ke2 Bc4+ 37. Kf2 Ke5 38. Nc6+ Ke6 39. Nd4+ Kf6 40.
g3 Bd3 41. h4 Ke5 42. Nc6+ Ke6 43. Nd4+ Kd5 44. Nc6 Bxb5 45. Ne7+ Kc4 46. hxg5
fxg3+ 47. Kxg3 hxg5 48. Kg4 d5 49. Kxg5 d4 50. Kf4 Ba4 51. Nf5 Bc2 52. Ng3 Kxb4
53. Ke5 c5 54. f4 Bh7 55. f5 Bxf5 56. Nxf5 d3 57. Ne3 d2 58. Ke4 c4 59. Kd4 Kb3
60. Nd1 Kc2 1/2-1/2

[Event "St. Pauli Open - B"]
[Site "Hamburg"]
[Date "2011.07.10"]
[Round "2.12"]
[White "Meyer, Thomas"]
[Black "Bücker, Simone"]
[Result "1-0"]
[WhiteElo "1775"]
[BlackElo "1658"]
[PlyCount "53"]
[EventDate "2011.??.??"]
[WhiteTeam "Bergstedter SK von 1962"]
[BlackTeam "SV Holstein Quickborn"]

1. e4 d5 2. exd5 Nf6 3. d4 Bg4 4. Be2 Bxe2 5. Nxe2 Nxd5 6. c4 Nf6 7. O-O e6 8.
Nbc3 Be7 9. Be3 c6 10. Qd2 Nbd7 11. Rad1 O-O 12. h3 Rc8 13. d5 exd5 14. cxd5
cxd5 15. Nxd5 b6 16. Bf4 Nxd5 17. Qxd5 Nc5 18. Qf3 Qe8 19. Nd4 Bf6 20. Bd6 Be7
21. Nf5 Bxd6 22. Nxd6 Qa4 23. Nxc8 Rxc8 24. Qd5 Ne6 25. Rfe1 Qc6 26. Qxc6 Rxc6
27. Rd8+ 1-0

[Event "St. Pauli Open - B"]
[Site "Hamburg"]
[Date "2011.07.10"]
[Round "2.13"]
[White "Holst, Marten"]
[Black "Frackowiak, Stanislaw"]
[Result "1/2-1/2"]
[WhiteElo "1774"]
[BlackElo "1647"]
[PlyCount "88"]
[EventDate "2011.??.??"]
[WhiteTeam "SV Diag.Harburg 1926 eV"]
[BlackTeam "Hamburger SK von 1830 eV"]

1. e4 c5 2. Ne2 Nc6 3. f4 e6 4. g3 d5 5. e5 f6 6. exf6 Nxf6 7. Bg2 Be7 8. O-O
O-O 9. Kh1 e5 10. fxe5 Nxe5 11. d4 Ng6 12. Nf4 Nxf4 13. Bxf4 Bg4 14. Qd2 Qd7
15. Nc3 Bh3 16. Bxh3 Qxh3 17. dxc5 Rad8 18. Qg2 Qxg2+ 19. Kxg2 Bxc5 20. Rad1
Bb4 21. Nb5 Rfe8 22. Nd4 Bc5 23. Kh3 Bxd4 24. Rxd4 Re2 25. Rd2 Rde8 26. Rf2 Re1
27. Rg2 h6 28. Rd3 g5 29. Bd2 g4+ 30. Kh4 R8e2 31. Rxe2 Rxe2 32. Bxh6 Rxh2+ 33.
Kg5 Kf7 34. Rb3 Rh5+ 35. Kf4 Rxh6 36. Rxb7+ Ke6 37. Rxa7 Ne4 38. Ra6+ Nd6 39.
Kxg4 Ke5 40. Rc6 Rg6+ 41. Kf3 Rf6+ 42. Ke2 Rg6 43. Kf3 Rf6+ 44. Ke2 Rg6 1/2-1/2

[Event "St. Pauli Open - B"]
[Site "Hamburg"]
[Date "2011.07.10"]
[Round "2.14"]
[White "Kololli, Martin"]
[Black "Raedisch, Peter"]
[Result "0-1"]
[WhiteElo "1639"]
[BlackElo "1757"]
[PlyCount "118"]
[EventDate "2011.??.??"]
[WhiteTeam "Lübecker SV von 1873"]
[BlackTeam "SF Hamburg eV 1934"]

1. e4 e5 2. Nf3 Nc6 3. Bc4 Bc5 4. c3 d6 5. d3 Nf6 6. O-O a6 7. Bb3 Bd7 8. Nbd2
Ng4 9. Qe2 Qf6 10. h3 h5 11. Nc4 Nh6 12. Ne3 Ne7 13. Nd5 Nxd5 14. Bxd5 c6 15.
Bb3 g6 16. Bxh6 Rxh6 17. Qd2 Rh8 18. Qg5 Ke7 19. Qxf6+ Kxf6 20. d4 Bb6 21. Rad1
Rad8 22. d5 g5 23. g3 Bxh3 24. Rfe1 Bg4 25. Rd3 h4 26. gxh4 gxh4 27. dxc6 bxc6
28. Kh1 Ke7 29. Ng5 Rdf8 30. Nxf7 Rxf7 31. Bxf7 Kxf7 32. Rxd6 Bxf2 33. Rf1 Bf3+
34. Kh2 Bg3+ 35. Kh3 Ke7 36. Rxc6 Rf8 37. Rh6 Bg4+ 38. Kg2 Bh3+ 39. Kxh3 Rxf1
40. Rxa6 Rf4 41. Ra4 Kf6 42. Ra6+ Kg5 43. Ra8 Rxe4 44. b4 Re2 45. Rg8+ Kf5 46.
Rf8+ Ke6 47. a4 Re3 48. c4 Be1+ 49. Kg4 Re4+ 50. Kg5 Rxc4 51. b5 Rxa4 52. b6
Rb4 53. Rg8 Bf2 54. Rg6+ Kd5 55. Rf6 Bxb6 56. Rf1 h3 57. Rh1 Rb3 58. Kg4 e4 59.
Rd1+ Ke5 0-1

[Event "St. Pauli Open - B"]
[Site "Hamburg"]
[Date "2011.07.10"]
[Round "2.15"]
[White "Rockel, Marcus"]
[Black "Xin, Ruidi"]
[Result "0-1"]
[WhiteElo "1622"]
[BlackElo "1752"]
[PlyCount "40"]
[EventDate "2011.??.??"]
[WhiteTeam "Hamburger SK von 1830 eV"]
[BlackTeam "SC Diogenes eV"]

1. d4 Na6 2. Nf3 g6 3. c3 c6 4. e4 Nc7 5. Be2 d5 6. e5 Bf5 7. O-O h5 8. Bg5 Ne6
9. Nbd2 Bh6 10. h4 Bxg5 11. hxg5 h4 12. c4 h3 13. g3 Qb6 14. Nb3 h2+ 15. Kh1
Be4 16. Qd2 dxc4 17. Nc5 Nxc5 18. dxc5 Qxc5 19. Rfd1 Qxf2 20. Bxc4 Bxf3# 0-1

[Event "St. Pauli Open - B"]
[Site "Hamburg"]
[Date "2011.07.10"]
[Round "2.16"]
[White "Winkelmann, Jörg"]
[Black "Hall, Dean"]
[Result "0-1"]
[WhiteElo "1482"]
[BlackElo "1744"]
[PlyCount "104"]
[EventDate "2011.??.??"]
[WhiteTeam "Bremer SG von 1877"]
[BlackTeam "SSG Stotel/Loxstedt"]

1. e4 c5 2. c3 g6 3. d4 cxd4 4. cxd4 d5 5. e5 Bg7 6. Nf3 f6 7. Bb5+ Bd7 8.
Bxd7+ Qxd7 9. O-O Nc6 10. Re1 fxe5 11. dxe5 e6 12. Bg5 Nh6 13. Qd2 Nf7 14. Nc3
Ncxe5 15. Nxe5 Nxe5 16. Bf4 Nc4 17. Qxd5 Qxd5 18. Nxd5 O-O 19. Rxe6 Nxb2 20.
Rb1 Rad8 21. Bd6 Rfe8 22. Rxe8+ Rxe8 23. Ba3 Nc4 24. Bb4 Re2 25. Re1 Rxe1+ 26.
Bxe1 Kf7 27. Kf1 Be5 28. g3 Ke6 29. Ne3 Nb2 30. Ke2 Na4 31. Kd3 b5 32. f4 Nc5+
33. Ke2 Bc7 34. Bc3 Ne4 35. Bd4 a6 36. Kd3 Nd6 37. Bc5 Nf5 38. Ke4 Nxe3 39.
Bxe3 b4 40. Bd4 a5 41. h4 h5 42. Bc5 Bd6 43. Bd4 a4 44. Bb2 Be7 45. Be5 b3 46.
axb3 axb3 47. Kd3 Bf6 48. Bc7 Kf5 49. Bb6 Kg4 50. Bf2 Kf3 51. Be1 Bd4 52. Kd2
Bf2 0-1

[Event "St. Pauli Open - B"]
[Site "Hamburg"]
[Date "2011.07.10"]
[Round "2.18"]
[White "Opasiak, Dustin Tennessee"]
[Black "Büdenbender, Timo"]
[Result "1/2-1/2"]
[WhiteElo "1733"]
[BlackElo "1641"]
[PlyCount "102"]
[EventDate "2011.??.??"]
[WhiteTeam "SK Weisse Dame Hamburg"]
[BlackTeam "Sfr.Heimersheim"]

1. e4 e5 2. Nf3 Nc6 3. Bb5 a6 4. Ba4 Nf6 5. O-O d6 6. Re1 b5 7. Bb3 Bg4 8. h3
Bh5 9. c3 Be7 10. Bc2 O-O 11. d3 Nb8 12. Nbd2 c5 13. Nf1 h6 14. Ng3 Bg6 15. a4
Nc6 16. Nh4 Bh7 17. Nhf5 b4 18. d4 bxc3 19. bxc3 Re8 20. d5 Nb8 21. Nh5 Bf8 22.
Nxf6+ Qxf6 23. Qg4 Bxf5 24. exf5 Nd7 25. Rb1 Reb8 26. Bd2 Be7 27. a5 Qh4 28.
Qf3 Rb5 29. Re4 Rxb1+ 30. Bxb1 Qf6 31. g4 g5 32. Qd1 Bf8 33. Qa4 Qd8 34. Re1
Nf6 35. c4 Rb8 36. Bc2 Qc8 37. Qa1 Be7 38. Rb1 Rb7 39. Rb6 Rxb6 40. axb6 Bd8
41. Qb2 Qb7 42. Ba5 Nd7 43. f3 f6 44. Ba4 Nxb6 45. Qb3 Bc7 46. Be8 Kf8 47. Bg6
Qb8 48. Bxb6 Bxb6 49. Qa4 Qc8 50. Kg2 Ke7 51. h4 Kf8 1/2-1/2

[Event "St. Pauli Open - B"]
[Site "Hamburg"]
[Date "2011.07.10"]
[Round "2.19"]
[White "Schabel, Eberhard"]
[Black "Kopylov, Daniel"]
[Result "1/2-1/2"]
[WhiteElo "1731"]
[BlackElo "1052"]
[PlyCount "82"]
[EventDate "2011.??.??"]
[WhiteTeam "SV Henstedt-Ulzburg e. V."]
[BlackTeam "SC Agon Neumünster"]

1. e4 c5 2. c3 Nf6 3. e5 Nd5 4. d4 cxd4 5. cxd4 d6 6. Nf3 g6 7. Bc4 Nb6 8. Bb3
Bg7 9. O-O O-O 10. Nc3 Bg4 11. exd6 Qxd6 12. Ne4 Bxf3 13. Qxf3 Qxd4 14. Ng5 Qf6
15. Qxb7 e6 16. a4 N8d7 17. a5 Nc5 18. Ne4 Nxb7 19. Nxf6+ Bxf6 20. axb6 axb6
21. Rxa8 Rxa8 22. Be3 b5 23. Rb1 Bxb2 24. Kf1 Ra1 25. Rxa1 Bxa1 26. Bd2 Nc5 27.
Bc2 Kg7 28. Ke2 Kf6 29. Ke3 Ke5 30. f4+ Kd5 31. Bb1 Kc4 32. Ba2+ Nb3 33. g4
Bd4+ 34. Ke2 b4 35. h4 Bc3 36. Be3 f5 37. gxf5 gxf5 38. h5 h6 39. Bc1 Ba1 40.
Bd2 Bd4 41. Be1 Bc3 1/2-1/2

[Event "St. Pauli Open - B"]
[Site "Hamburg"]
[Date "2011.07.10"]
[Round "2.20"]
[White "Marquardt, Rolf"]
[Black "Kuhr, Stefan"]
[Result "1/2-1/2"]
[WhiteElo "1851"]
[BlackElo "1560"]
[PlyCount "102"]
[EventDate "2011.??.??"]
[WhiteTeam "Langenhorner SF 1928"]
[BlackTeam "FC ST.Pauli 1910 eV SAbt"]

1. d4 f5 2. Bg5 g6 3. Nd2 Bg7 4. c3 Nf6 5. Bxf6 Bxf6 6. e4 e6 7. Ngf3 O-O 8.
Bd3 b6 9. h4 Bb7 10. Qb3 Kh8 11. O-O-O d5 12. e5 Be7 13. Rdg1 c5 14. Qd1 Nd7
15. g4 cxd4 16. cxd4 Qc8+ 17. Kb1 Ba6 18. Qe2 Bxd3+ 19. Qxd3 Qe8 20. h5 Rg8 21.
hxg6 Qxg6 22. Nh4 Bxh4 23. Rxh4 fxg4 24. Qxg6 Rxg6 25. Rgh1 Nf8 26. Rg1 Rc8 27.
Rhxg4 Rxg4 28. Rxg4 Ng6 29. Nf3 Kg7 30. Ng5 Re8 31. f4 h6 32. Nxe6+ Rxe6 33. f5
Rc6 34. e6 Kf6 35. Rxg6+ Kxf5 36. e7 Rc8 37. Rxh6 Re8 38. Rh7 Ke4 39. Kc2 Kxd4
40. Kd2 Ke4 41. Rh2 Kd4 42. Re2 Kc5 43. Kd3 Kd6 44. Kd4 Rxe7 45. Rxe7 Kxe7 46.
Kxd5 Kd7 47. b4 a6 48. a4 Kc7 49. b5 axb5 50. axb5 Kd7 51. Ke5 Ke7 1/2-1/2

[Event "St. Pauli Open - B"]
[Site "Hamburg"]
[Date "2011.07.10"]
[Round "2.21"]
[White "Becker, Roland"]
[Black "Indinger, Alexander"]
[Result "0-1"]
[WhiteElo "1568"]
[BlackElo "1833"]
[PlyCount "76"]
[EventDate "2011.??.??"]
[WhiteTeam "SC Sottrum"]
[BlackTeam "Bille SC von 1924 e.V."]

1. e4 c5 2. Nf3 Nc6 3. d4 cxd4 4. Nxd4 Nf6 5. Nc3 e5 6. Nb3 Bb4 7. Bg5 h6 8.
Bxf6 Qxf6 9. Qd3 d6 10. a3 Bxc3+ 11. Qxc3 O-O 12. Qg3 Be6 13. Nd2 Nd4 14. Bd3
Qe7 15. c3 Nc6 16. O-O f5 17. exf5 Bxf5 18. Rad1 d5 19. Bxf5 Rxf5 20. Qd3 Qf7
21. f3 Ne7 22. Nb3 Rd8 23. Qb5 b6 24. Nc1 Rg5 25. Rde1 Ng6 26. Qa4 Nf4 27. g3
Qg6 28. Kf2 Nh3+ 29. Kg2 Nf4+ 30. Kf2 Nd3+ 31. Nxd3 Qxd3 32. Re3 Qf5 33. Rfe1
Qh3 34. Kg1 d4 35. cxd4 Rxd4 36. Qe8+ Kh7 37. Rxe5 Rxg3+ 38. hxg3 Qxg3+ 0-1

[Event "St. Pauli Open - B"]
[Site "Hamburg"]
[Date "2011.07.10"]
[Round "2.22"]
[White "Dümmke, Jens"]
[Black "Haak, Werner"]
[Result "1-0"]
[WhiteElo "1606"]
[BlackElo "1806"]
[PlyCount "87"]
[EventDate "2011.??.??"]
[WhiteTeam "Ahrensburger TSV"]
[BlackTeam "Hamburger SK von 1830 eV"]

1. Nf3 Nf6 2. g3 Nc6 3. d4 d5 4. Bg2 Bf5 5. O-O e6 6. b3 Bd6 7. Bb2 O-O 8. a3
Re8 9. Nbd2 Rc8 10. c4 Nd7 11. Nh4 Qf6 12. e4 dxe4 13. Nxe4 Bxe4 14. Bxe4 e5
15. Bxc6 bxc6 16. dxe5 Bxe5 17. Bxe5 Nxe5 18. f4 Ng6 19. Nf3 Rcd8 20. Qc2 Re3
21. Rad1 Rxd1 22. Qxd1 Qe7 23. Re1 Rxe1+ 24. Qxe1 Qxa3 25. Qe8+ Qf8 26. Qxc6
Qd8 27. Kf2 Qb8 28. Ne5 Nxe5 29. fxe5 h6 30. e6 fxe6 31. Qxe6+ Kh8 32. Qe3 a5
33. h4 Qf8+ 34. Kg2 Qd8 35. Qc3 Qa8+ 36. Qf3 Qd8 37. Qd5 Qxd5+ 38. cxd5 Kg8 39.
h5 Kf7 40. Kf3 g5 41. g4 Kf6 42. Ke4 Ke7 43. Ke5 Kf7 44. Kf5 1-0

[Event "St. Pauli Open - B"]
[Site "Hamburg"]
[Date "2011.07.10"]
[Round "2.24"]
[White "Burianek, Daniel"]
[Black "Raschka, Robert"]
[Result "1-0"]
[WhiteElo "1787"]
[BlackElo "1474"]
[PlyCount "69"]
[EventDate "2011.??.??"]
[WhiteTeam "SV VHS Rendsburg"]
[BlackTeam "Hamburger SK von 1830 eV"]

1. e4 c6 2. d4 d5 3. f3 e6 4. Nc3 Bb4 5. Bf4 Ne7 6. Qd2 Ng6 7. Bg3 Nd7 8. O-O-O
O-O 9. Bd3 Nb6 10. a3 Bd6 11. e5 Be7 12. h4 Nc4 13. Bxc4 dxc4 14. h5 Nh4 15.
Ne4 Nf5 16. Bf2 f6 17. g4 Nh6 18. Be3 Nf7 19. f4 h6 20. Ne2 b5 21. Rdg1 a5 22.
c3 Bb7 23. exf6 Bxf6 24. Nc5 Qe7 25. g5 hxg5 26. fxg5 Nxg5 27. Bxg5 e5 28. Bxf6
Rxf6 29. h6 g6 30. Nxb7 Qxb7 31. dxe5 Re6 32. Nf4 Re7 33. Nxg6 Ree8 34. h7+ Kg7
35. Qh6+ 1-0

[Event "St. Pauli Open - B"]
[Site "Hamburg"]
[Date "2011.07.10"]
[Round "2.25"]
[White "Bernstengel, Aaron"]
[Black "Rosenburg, Hauke"]
[Result "0-1"]
[WhiteElo "1329"]
[BlackElo "1760"]
[PlyCount "112"]
[EventDate "2011.??.??"]
[WhiteTeam "SC Diogenes eV"]
[BlackTeam "SF Burg von 1966"]

1. e4 d5 2. exd5 Qxd5 3. Nc3 Qa5 4. d4 Nf6 5. Nf3 Bf5 6. Bd2 c6 7. Bc4 Nbd7 8.
O-O e6 9. a3 Qb6 10. Bb3 Bd6 11. Ne2 Qc7 12. Ng3 Bg6 13. Re1 O-O 14. Bg5 h6 15.
Be3 Nd5 16. Bd2 b5 17. Ne4 Bxe4 18. Rxe4 N7f6 19. Re1 Rac8 20. Qc1 Bf4 21. Bxf4
Qxf4 22. Qxf4 Nxf4 23. g3 Ng6 24. Ne5 Nxe5 25. dxe5 Nd5 26. f4 Rb8 27. Rab1 Rb6
28. c4 bxc4 29. Bxc4 Rfb8 30. Bxd5 cxd5 31. b4 a5 32. Rb3 Kf8 33. Reb1 axb4 34.
Rxb4 Rxb4 35. Rxb4 Rxb4 36. axb4 Ke7 37. Kf2 Kd7 38. Ke3 Kc6 39. Kd3 Kb5 40.
Kc3 Ka4 41. h3 g6 42. g4 h5 43. gxh5 gxh5 44. h4 Kb5 45. Kb3 d4 46. Ka3 Kc4 47.
b5 Kxb5 48. Kb3 Kc5 49. Kc2 Kc4 50. Kd2 d3 51. Kd1 Kd4 52. f5 exf5 53. e6 fxe6
54. Kd2 f4 55. Ke1 Kc3 56. Kd1 d2 0-1

[Event "St. Pauli Open - B"]
[Site "Hamburg"]
[Date "2011.07.10"]
[Round "2.26"]
[White "Bausch, Jean"]
[Black "Haugwitz, Steffen"]
[Result "1/2-1/2"]
[WhiteElo "1758"]
[BlackElo "1504"]
[PlyCount "57"]
[EventDate "2011.??.??"]
[WhiteTeam "Schachclub Unterhaching e.V."]
[BlackTeam "SF Hamburg eV 1934"]

1. d4 Nf6 2. c4 g6 3. Nc3 Bg7 4. e4 d6 5. Nf3 Bg4 6. Be2 Nc6 7. d5 Bxf3 8. Bxf3
Ne5 9. Be2 O-O 10. O-O h6 11. Be3 Qd7 12. f3 g5 13. Rc1 Nh7 14. f4 gxf4 15.
Bxf4 Ng6 16. Be3 c5 17. Qd2 Bxc3 18. Qxc3 Ng5 19. Bxg5 hxg5 20. Qg3 f6 21. Bg4
Qa4 22. a3 b5 23. Bd1 Qa5 24. Bh5 Kg7 25. Bxg6 Kxg6 26. Qd3 bxc4 27. Qxc4 Rab8
28. Rf2 Qb5 29. Qxb5 1/2-1/2

[Event "St. Pauli Open - B"]
[Site "Hamburg"]
[Date "2011.07.10"]
[Round "2.27"]
[White "Wegner, Florian"]
[Black "Rogozenco, Teodora"]
[Result "1-0"]
[WhiteElo "1753"]
[BlackElo "1427"]
[PlyCount "147"]
[EventDate "2011.??.??"]
[WhiteTeam "Verein Segeberger SF"]
[BlackTeam "Hamburger SK von 1830 eV"]

1. e4 c5 2. Nc3 g6 3. g3 Bg7 4. Bg2 Nc6 5. d3 a6 6. Nge2 e6 7. O-O b5 8. a3
Nge7 9. Bg5 h6 10. Be3 b4 11. axb4 cxb4 12. Na4 O-O 13. Bb6 Qe8 14. Bc5 Qd8 15.
Bd6 Re8 16. d4 a5 17. c4 bxc3 18. bxc3 Ba6 19. Nc5 Bc4 20. Nb7 Qb6 21. Rb1 Qa6
22. Re1 Nd8 23. e5 Bd5 24. Nc5 Qc4 25. Bxd5 Nxd5 26. Qb3 Qxb3 27. Rxb3 Nc6 28.
Nxd7 Red8 29. Nc5 h5 30. Ra1 Bh6 31. Ra2 Ra7 32. Rb7 Rxb7 33. Nxb7 Ra8 34. Nc5
Re8 35. Na4 Kg7 36. h4 g5 37. hxg5 Bxg5 38. f4 Bd8 39. Rb2 Be7 40. c4 Ndb4 41.
c5 Nd5 42. Kf2 f6 43. Rb7 fxe5 44. dxe5 Kg6 45. Nb6 Ndb4 46. Bxe7 Nxe7 47. Nd4
Nd3+ 48. Kg2 Nxc5 49. Rc7 Ne4 50. Nxe6 Nf5 51. Rc6 Kf7 52. Nc5 Nexg3 53. Rf6+
Kg7 54. Nb3 Ne4 55. Rxf5 Rb8 56. Rxh5 Rxb6 57. Nxa5 Kg6 58. Rh1 Kf5 59. Kf3 Ra6
60. Nc4 Nc5 61. Ne3+ Kg6 62. f5+ Kf7 63. Rh7+ Kg8 64. Rc7 Nb3 65. Kf4 Kf8 66.
Kg5 Nd4 67. Rb7 Rc6 68. f6 Re6 69. Kg6 Nc6 70. Ng4 Nxe5+ 71. Nxe5 Rxe5 72. Rb8+
Re8 73. Rxe8+ Kxe8 74. Kg7 1-0

[Event "St. Pauli Open - B"]
[Site "Hamburg"]
[Date "2011.07.10"]
[Round "2.28"]
[White "Lorsbach, Heinz"]
[Black "Skambraks, Torge"]
[Result "0-1"]
[WhiteElo "1750"]
[BlackElo "1461"]
[PlyCount "92"]
[EventDate "2011.??.??"]
[WhiteTeam "FC ST.Pauli 1910 eV SAbt"]
[BlackTeam "SF Burg von 1966"]

1. d4 Nf6 2. Nf3 d5 3. e3 e6 4. c4 c6 5. Nc3 Nbd7 6. Bd2 Be7 7. Be2 dxc4 8.
Bxc4 b5 9. Bd3 a6 10. Qc2 Bb7 11. O-O c5 12. Be4 Nxe4 13. Nxe4 cxd4 14. Nxd4
Rc8 15. Qb1 O-O 16. Ng3 Nf6 17. Qe1 Ne4 18. Nxe4 Bxe4 19. Ba5 Qd5 20. f3 Bd3
21. Rf2 Qb7 22. Bb4 Bxb4 23. Qxb4 e5 24. Rd1 exd4 25. Rxd3 dxe3 26. Rxe3 Qb6
27. Rfe2 Rfe8 28. Qb3 Qd4 29. g3 h6 30. Kg2 Rxe3 31. Rxe3 Qd2+ 32. Kh3 Rc2 33.
Re8+ Kh7 34. Qxf7 Qxh2+ 35. Kg4 h5+ 36. Kf5 Rc5+ 37. Ke6 Qxg3 38. Rh8+ Kxh8 39.
Qf8+ Kh7 40. Qxc5 Qg6+ 41. Kd7 h4 42. f4 h3 43. f5 Qg4 44. Ke7 h2 45. Qc6 Qg5+
46. Ke8 Qh5+ 0-1

[Event "St. Pauli Open - B"]
[Site "Hamburg"]
[Date "2011.07.10"]
[Round "2.29"]
[White "Kololli, Kevin"]
[Black "Kalauch, Johannes"]
[Result "1-0"]
[WhiteElo "1741"]
[BlackElo "1256"]
[PlyCount "93"]
[EventDate "2011.??.??"]
[WhiteTeam "Lübecker SV von 1873"]
[BlackTeam "SK Marmstorf GW Harburg"]

1. e4 c5 2. c3 Nc6 3. d4 cxd4 4. cxd4 g6 5. Nc3 Bg7 6. Nf3 e6 7. Bc4 Nge7 8.
O-O O-O 9. Bf4 d5 10. exd5 Nxd5 11. Bg3 Nb6 12. Bb5 Nxd4 13. Nxd4 Qxd4 14. Qxd4
Bxd4 15. Bd6 Bxc3 16. Bxf8 Bxb2 17. Rab1 Kxf8 18. Rxb2 a6 19. Be2 Nd5 20. Bf3
b5 21. Rc1 Rb8 22. Bxd5 exd5 23. a4 Be6 24. axb5 axb5 25. Rb4 d4 26. Rxd4 Bc4
27. Rb1 Re8 28. g3 Kg7 29. Kg2 Kf6 30. Rf4+ Kg7 31. g4 g5 32. Rf5 Bd3 33. Rxg5+
Kf6 34. Rgxb5 Bxb5 35. Rxb5 Rg8 36. Kg3 Rg5 37. Rb6+ Kg7 38. h4 Rg6 39. Rb5 h6
40. g5 f6 41. Kg4 hxg5 42. hxg5 Kf7 43. Kh5 Rxg5+ 44. Rxg5 fxg5 45. Kxg5 Ke6
46. f4 Kf7 47. f5 1-0

[Event "St. Pauli Open - B"]
[Site "Hamburg"]
[Date "2011.07.10"]
[Round "2.30"]
[White "Fischer, Jürgen"]
[Black "Stoll, Robert"]
[Result "0-1"]
[WhiteElo "1477"]
[BlackElo "1732"]
[PlyCount "58"]
[EventDate "2011.??.??"]
[WhiteTeam "FC ST.Pauli 1910 eV SAbt"]
[BlackTeam "SG Glinde"]

1. d4 d5 2. Nf3 Nf6 3. Bf4 e6 4. e3 Nbd7 5. Be2 Be7 6. Nbd2 O-O 7. h3 b6 8. O-O
Bb7 9. Ne5 c5 10. Nxd7 Nxd7 11. c3 f6 12. Bf3 e5 13. dxe5 Nxe5 14. Be2 Kh8 15.
Nf3 Bd6 16. Nxe5 fxe5 17. Bg3 Rc8 18. Bf3 Bb8 19. Bg4 Rc6 20. Qc2 e4 21. Bxb8
Qxb8 22. Rad1 Rcf6 23. b3 Qe5 24. c4 d4 25. exd4 cxd4 26. Rde1 e3 27. fxe3
Rxf1+ 28. Rxf1 Qxe3+ 29. Rf2 Qe1+ 0-1